<?xml version="1.0" encoding="UTF-8"?><?xml-stylesheet type="text/xsl" href="static/style.xsl"?><OAI-PMH xmlns="http://www.openarchives.org/OAI/2.0/" xmlns:xsi="http://www.w3.org/2001/XMLSchema-instance" xsi:schemaLocation="http://www.openarchives.org/OAI/2.0/ http://www.openarchives.org/OAI/2.0/OAI-PMH.xsd"><responseDate>2026-04-27T12:50:36Z</responseDate><request verb="GetRecord" identifier="oai:uvadoc.uva.es:10324/2535" metadataPrefix="marc">https://uvadoc.uva.es/oai/request</request><GetRecord><record><header><identifier>oai:uvadoc.uva.es:10324/2535</identifier><datestamp>2021-07-06T08:34:08Z</datestamp><setSpec>com_10324_1175</setSpec><setSpec>com_10324_931</setSpec><setSpec>com_10324_894</setSpec><setSpec>col_10324_1356</setSpec></header><metadata><record xmlns="http://www.loc.gov/MARC21/slim" xmlns:doc="http://www.lyncode.com/xoai" xmlns:xsi="http://www.w3.org/2001/XMLSchema-instance" xmlns:dcterms="http://purl.org/dc/terms/" xsi:schemaLocation="http://www.loc.gov/MARC21/slim http://www.loc.gov/standards/marcxml/schema/MARC21slim.xsd">
<leader>00925njm 22002777a 4500</leader>
<datafield tag="042" ind1=" " ind2=" ">
<subfield code="a">dc</subfield>
</datafield>
<datafield tag="720" ind1=" " ind2=" ">
<subfield code="a">Blasco Pascual, Francisco Javier</subfield>
<subfield code="e">author</subfield>
</datafield>
<datafield tag="260" ind1=" " ind2=" ">
<subfield code="c">2011</subfield>
</datafield>
<datafield tag="520" ind1=" " ind2=" ">
<subfield code="a">Cervantes se refiere a sí mismo como "raro inventor". Este trabajo intenta dilucidar cuáles son los valores de su obra que justifican tal calificación</subfield>
</datafield>
<datafield tag="024" ind2=" " ind1="8">
<subfield code="a">Sevilla, Florencio (ed.), Guanajuato, 201.,</subfield>
</datafield>
<datafield tag="024" ind2=" " ind1="8">
<subfield code="a">978-60795366-8-8</subfield>
</datafield>
<datafield tag="024" ind2=" " ind1="8">
<subfield code="a">http://uvadoc.uva.es/handle/10324/2535</subfield>
</datafield>
<datafield tag="024" ind2=" " ind1="8">
<subfield code="a">285</subfield>
</datafield>
<datafield tag="024" ind2=" " ind1="8">
<subfield code="a">315</subfield>
</datafield>
<datafield tag="024" ind2=" " ind1="8">
<subfield code="a">Retrato de Miguel de Cervantes Saavedra</subfield>
</datafield>
<datafield ind1=" " ind2=" " tag="653">
<subfield code="a">Cervantes Saavedra, Miguel de (1547-1616). Don Quijote de la Mancha</subfield>
</datafield>
<datafield tag="245" ind1="0" ind2="0">
<subfield code="a">Cervantes creador: «la rara invención»</subfield>
</datafield>
</record></metadata></record></GetRecord></OAI-PMH>